Welcome to WEB OPAC of MRSPTU Central Library

Electric machinery fundamentals (Record no. 4472)

MARC details
000 -LEADER
fixed length control field 00410nam a2200157Ia 4500
008 - FIXED-LENGTH DATA ELEMENTS--GENERAL INFORMATION
fixed length control field 230711s9999||||xx |||||||||||||| ||und||
041 ## - LANGUAGE CODE
Language code of text/sound track or separate title ENG
082 ## - DEWEY DECIMAL CLASSIFICATION NUMBER
Classification number 621.31042
Item number CH-E
100 ## - MAIN ENTRY--PERSONAL NAME
Personal name Chapman,Stephen J
245 #0 - TITLE STATEMENT
Title Electric machinery fundamentals
250 ## - EDITION STATEMENT
Edition statement 4th Ed.
260 ## - PUBLICATION, DISTRIBUTION, ETC.
Date of publication, distribution, etc. 2005
Place of publication, distribution, etc. New Delhi
Name of publisher, distributor, etc. Tata McGraw Hill Education Limited
300 ## - PHYSICAL DESCRIPTION
Extent 746
650 ## - SUBJECT ADDED ENTRY--TOPICAL TERM
Topical term or geographic name entry element Electrical Engineering
942 ## - ADDED ENTRY ELEMENTS (KOHA)
Koha item type Book
Holdings
Withdrawn status Lost status Damaged status Not for loan Collection Home library Current library Date acquired Total checkouts Full call number Barcode Date last seen Price effective from Koha item type Cost, normal purchase price Inventory number
          MRSPTU Central Library MRSPTU Central Library     621.31042 CH-E 15259 08/17/2023 08/17/2023 Book    
          MRSPTU Central Library MRSPTU Central Library     621.31042 CH-E 15260 08/17/2023 08/17/2023 Book    
          MRSPTU Central Library MRSPTU Central Library     621.31042 CH-E 35135 08/17/2023 08/17/2023 Book 750.00 KBD/2016-2017/961042808
          MRSPTU Central Library MRSPTU Central Library     621.31042 CH-E 35136 08/17/2023 08/17/2023 Book 750.00 KBD/2016-2017/961042808
          MRSPTU Central Library MRSPTU Central Library     621.31042 CH-E 35137 08/17/2023 08/17/2023 Book 750.00 KBD/2016-2017/961042808
          MRSPTU Central Library MRSPTU Central Library     621.31042 CH-E 35138 08/17/2023 08/17/2023 Book 750.00 KBD/2016-2017/961042808
          MRSPTU Central Library MRSPTU Central Library     621.31042 CH-E 35139 08/17/2023 08/17/2023 Book 750.00 KBD/2016-2017/961042808

Website Designed and Developed by MRSPTU Central Library Team

E-mail Id: librarian@mrsptu.ac.in